[Event "7th HD Bank Cup 2017"]
[Site "Ho Chi Minh City VIE"]
[Date "2017.03.12"]
[Round "1.22"]
[White "Tokhirjonova,Gulrukhbegim"]
[Black "Torre,E"]
[Result "1-0"]
[WhiteElo "2297"]
[BlackElo "2481"]

1.e4 c5 2.Nf3 Nc6 3.d4 cxd4 4.Nxd4 Nf6 5.Nc3 d6 6.Bc4 Qb6 7.Nb3 e6 8.O-O a6
9.Bd3 Qc7 10.a4 b6 11.f4 Be7 12.Be3 O-O 13.Qf3 Bb7 14.Qg3 Kh8 15.Rae1 Nb4
16.Bd4 Nxd3 17.cxd3 Qd8 18.Nd2 Rg8 19.Nf3 Nd7 20.Ng5 Bxg5 21.fxg5 Qe7 22.Rf3
e5 23.Be3 Rgf8 24.Qh4 Qe6 25.Ref1 Kg8 26.Ne2 Rac8 27.Ng3 g6 28.Nf5 gxf5
29.exf5 Qd5 30.Qh6 Kh8 31.f6 Rg8 32.Qxh7+ {#r} 1-0

[Event "7th HD Bank Cup 2017"]
[Site "Ho Chi Minh City VIE"]
[Date "2017.03.12"]
[Round "1.23"]
[White "Lei Tingjie"]
[Black "Kyaw Lin Naing"]
[Result "1-0"]
[WhiteElo "2480"]
[BlackElo "2289"]

1.e4 c5 2.Nf3 d6 3.d4 cxd4 4.Nxd4 Nf6 5.Nc3 a6 6.Be3 e6 7.f3 b5 8.Qd2 Nbd7
9.g4 Nb6 10.O-O-O Bb7 11.Qf2 Nfd7 12.Kb1 Rc8 13.Nce2 Qc7 14.Ng3 Nc5 15.h4 d5
16.f4 Nc4 17.Bxc4 dxc4 18.Rhe1 Be7 19.g5 g6 20.h5 Bxe4 21.Nxe4 Nxe4 22.Qf3 Qb7
23.Qh3 Rf8 24.f5 gxf5 25.Nxf5 Rg8 26.g6 hxg6 27.Nh6 Rg7 28.Bd4 Ng5 29.Qf1 Rh7
30.Ng8 Rxh5 31.Bf6 Bb4 32.c3 Nh7 33.cxb4 Rf5 34.Qh1 Qxh1 35.Rxh1 Nxf6 36.Rh8
Rc7 37.Nxf6+ Ke7 38.Ng8+ Kf8 39.Nh6+ Kg7 40.Nxf5+ Kxh8 41.Rd8+ Kh7 42.Nd6 g5
43.Ne4 Kh6 44.Rg8 c3 45.bxc3 Rc4 46.Nxg5 Rf4 47.Kc2 Rf2+ 48.Kd3 Rf5 49.Ne4
Rd5+ 50.Kc2 Re5 51.Nd6 f5 52.Nf7+ Kh7 53.Rh8+ Kg7 54.Nxe5 Kxh8 55.Nd3 Kg7
56.Nc5 Kf6 57.Nxa6 {#r} 1-0

[Event "7th HD Bank Cup 2017"]
[Site "Ho Chi Minh City VIE"]
[Date "2017.03.12"]
[Round "1.24"]
[White "Nguyen Thi Thanh An"]
[Black "Dao Thien Hai"]
[Result "1-0"]
[WhiteElo "2283"]
[BlackElo "2478"]

1.d4 f5 2.g3 Nf6 3.Bg2 g6 4.c4 Bg7 5.Nc3 O-O 6.Nf3 d6 7.O-O c6 8.b3 Na6 9.Ba3
Bd7 10.Rc1 Qa5 11.Bb2 e5 12.dxe5 dxe5 13.e4 Rad8 14.a3 Bh6 15.b4 Qc7 16.Qb3
fxe4 17.c5+ Kh8 18.Nxe4 Nxe4 19.Bxe5+ Bg7 20.Bxc7 Nxc7 21.Rfe1 Bf5 22.g4 Be6
23.Qc2 Nc3 24.h3 Rde8 25.Qd2 N3d5 26.Ng5 Bg8 27.Rxe8 Rxe8 28.Ne4 Rf8 29.g5 Ne6
30.b5 Nef4 31.Bf1 Be6 32.bxc6 bxc6 33.Nf6 h6 34.h4 hxg5 35.hxg5 Bxf6 36.gxf6
Rxf6 37.Rb1 Kh7 38.Rb7+ Kh6 39.Rxa7 Rf5 40.f3 Rg5+ 41.Kf2 Rh5 42.Qd4 Kg5
43.Ke1 Rh1 44.Kf2 Bf5 45.Rf7 Rh2+ 46.Ke1 Rh1 47.Rxf5+ gxf5 48.a4 Ne6 49.Qd2+
Kf6 50.Qb2+ Kf7 51.Qb7+ Kf6 52.Qxc6 Ne3 53.Kf2 f4 54.Bd3 Rc1 55.a5 Rxc5 56.Qb6
Rd5 57.Ke2 Ke5 58.Be4 Rd2+ 59.Kxd2 Nc4+ 60.Kc3 Nxb6 61.axb6 Nc5 62.b7 Nd7
63.Kc4 Kd6 64.Kd4 Nb8 65.Bf5 Kc7 66.Bc8 Nc6+ 67.Ke4 Ne7 68.Kxf4 Ng6+ 69.Kg5
Ne5 70.f4 Nf3+ 71.Kf6 {#r} 1-0

[Event "7th HD Bank Cup 2017"]
[Site "Ho Chi Minh City VIE"]
[Date "2017.03.12"]
[Round "1.26"]
[White "Le Thanh Tu"]
[Black "Le Tuan Minh"]
[Result "0-1"]
[WhiteElo "2271"]
[BlackElo "2475"]

1.d4 Nf6 2.Nf3 e6 3.c4 d5 4.g3 Bb4+ 5.Bd2 Be7 6.Bg2 O-O 7.O-O c6 8.Qb3 Nbd7
9.Nc3 Nb6 10.cxd5 exd5 11.Rad1 Bf5 12.Nh4 Be6 13.Qc2 Qc8 14.Rfe1 Re8 15.Qc1
Ne4 16.Nf3 Nxd2 17.Qxd2 Bf5 18.Ne5 Bf8 19.Qf4 Be6 20.e4 Qd8 21.a3 dxe4 22.Nxe4
Nd5 23.Qd2 f6 24.Nd3 Bf5 25.Ndc5 Qc7 26.Nc3 Nb6 27.b4 Rad8 28.Qa2+ Kh8 29.Rxe8
Rxe8 30.h3 Bg6 31.b5 Bf7 32.Qb1 Nc4 33.a4 Na5 34.bxc6 bxc6 35.Qf5 Qd8 36.h4 g6
37.Qf3 f5 38.h5 Kg8 39.hxg6 hxg6 40.g4 Qg5 41.gxf5 gxf5 42.Nd3 Bh5 43.Qh3 Bxd1
44.Nxd1 Bd6 45.Ne3 Rf8 46.Qf3 Kg7 47.Qe2 Qf6 48.d5 c5 49.Qe1 c4 50.Qxa5 cxd3
51.Qxa7+ Rf7 52.Qa5 f4 53.Nc4 f3 54.Nxd6 Qg6 55.Qc3+ Kh7 {#R} 0-1

[Event "7th HD Bank Cup 2017"]
[Site "Ho Chi Minh City VIE"]
[Date "2017.03.12"]
[Round "1.27"]
[White "Antonio,R"]
[Black "Swathi,G"]
[Result "0-1"]
[WhiteElo "2465"]
[BlackElo "2254"]

1.e4 c5 2.Nf3 e6 3.c3 Nf6 4.e5 Nd5 5.d4 cxd4 6.Bc4 d6 7.cxd4 Be7 8.O-O O-O
9.Qe2 b6 10.a3 Bb7 11.Bd3 dxe5 12.dxe5 Nd7 13.Qe4 g6 14.Qg4 Qc7 15.Re1 Rac8
16.Bh6 Rfd8 17.Nbd2 N7f6 18.Qa4 Bc6 19.Qh4 Nh5 20.Qg5 Ndf6 21.exf6 Nxf6 22.Qh4
Nh5 23.Qg4 Rd7 24.Ne5 Rd5 25.Nxf7 Bc5 26.Qxe6 Re8 27.Qxe8+ Bxe8 28.Rxe8+ Kxf7
29.Rh8 Qe5 30.Rxh7+ Kg8 31.Rxa7 Qxb2 {#R} 0-1

[Event "7th HD Bank Cup 2017"]
[Site "Ho Chi Minh City VIE"]
[Date "2017.03.12"]
[Round "1.28"]
[White "Tran Ngoc Lan"]
[Black "Nguyen,Anh Khoi"]
[Result "0-1"]
[WhiteElo "2254"]
[BlackElo "2459"]

1.e4 c5 2.Nc3 d6 3.f4 Nc6 4.Nf3 g6 5.Bc4 Bg7 6.O-O Nf6 7.d3 O-O 8.Qe1 Nd4
9.Nxd4 cxd4 10.Ne2 d5 11.exd5 Nxd5 12.Ng3 e6 13.Bd2 Ne3 14.Bxe3 dxe3 15.c3 b5
16.Bb3 b4 17.d4 a5 18.Ba4 Ba6 19.Rf3 Rc8 20.Rxe3 bxc3 21.bxc3 Qd6 22.Ne4 Qxf4
23.Rf3 Qg4 24.Rg3 Qh4 25.Rg5 Qxe1+ 26.Rxe1 Bd3 27.Nc5 Bf5 28.Rg3 e5 29.Nd7
Bxd7 30.Bxd7 Rc7 31.Ba4 exd4 32.cxd4 Bxd4+ 33.Kf1 Kg7 34.Rd3 Bf6 35.Red1 Rc4
36.Bb5 Rf4+ 37.Ke2 a4 38.R1d2 Rb8 39.Bc6 Rc4 40.Bd5 Rc1 41.Rd1 Re8+ 42.Kf3 Rc5
43.R1d2 Re5 44.Bb7 Rf5+ 45.Kg3 Rc4 46.Bf3 Bh4+ 47.Kh3 Be1 48.Rd4 Rf4 {#R} 0-1

[Event "7th HD Bank Cup 2017"]
[Site "Ho Chi Minh City VIE"]
[Date "2017.03.12"]
[Round "1.29"]
[White "Laylo,D"]
[Black "Gatus,E"]
[Result "1-0"]
[WhiteElo "2445"]
[BlackElo "2247"]

1.d4 d5 2.c4 c6 3.Nf3 Nf6 4.Nc3 e6 5.Bg5 h6 6.Bxf6 Qxf6 7.Qb3 Nd7 8.e4 dxe4
9.Nxe4 Qf4 10.Bd3 e5 11.O-O f5 12.Ng3 e4 13.Rfe1 Kd8 14.Nxe4 fxe4 15.Rxe4 Qf7
16.Rae1 Bd6 17.Qc2 Nf6 18.Ne5 Bxe5 19.Rxe5 Bd7 20.h3 Re8 21.Bg6 Rxe5 22.dxe5
Qe6 23.f4 Kc7 24.Qc3 Ne8 25.f5 Qe7 26.e6 Qc5+ 27.Kh1 Nf6 28.b4 Qd6 29.c5 Qf4
30.exd7 Rd8 31.Be8 b6 32.Qe5+ Qxe5 33.Rxe5 Nd5 34.a3 a5 35.cxb6+ Kxb6 36.bxa5+
Kxa5 37.g4 Kb6 38.Re6 Kc7 39.h4 Nf6 40.g5 hxg5 41.hxg5 Nxd7 42.Re7 c5 43.Kg2
c4 44.Kf2 c3 45.Re2 {#r} 1-0

[Event "7th HD Bank Cup 2017"]
[Site "Ho Chi Minh City VIE"]
[Date "2017.03.12"]
[Round "1.30"]
[White "Lu Chan Hung"]
[Black "Garcia,Jan"]
[Result "0-1"]
[WhiteElo "2243"]
[BlackElo "2444"]

1.c4 c5 2.g3 g6 3.Bg2 Bg7 4.Nc3 Nc6 5.a3 e6 6.b4 Nxb4 7.axb4 cxb4 8.Ne4 Bxa1
9.Qa4 Bf6 10.Qxb4 Be7 11.c5 f6 12.Bb2 a5 13.Qa4 Ra6 14.Nh3 Nh6 15.Nf4 O-O
16.h4 d5 17.cxd6 Bxd6 18.h5 g5 19.Nd3 Be7 20.O-O Bd7 21.Qc4 b5 22.Qd4 Be8
23.Qe3 Nf5 24.Qf3 Bc6 25.Qg4 Bd5 26.h6 Nxh6 27.Qh5 Nf5 28.g4 Nh4 29.Qh6 Nxg2
30.Nxg5 Rf7 31.Nxf7 Kxf7 32.Qxh7+ Ke8 33.g5 e5 34.g6 Nf4 35.Nxf4 exf4 36.Rc1
Kd7 37.Qh3+ Kd6 38.Qf5 Rc6 39.Qxf4+ Kd7 40.Qf5+ Kc7 41.e4 Rxc1+ 42.Bxc1 Bc4
43.g7 Qd3 44.Kg2 Qf1+ 45.Kf3 Qd1+ 46.Kg2 Qxc1 47.Qf4+ Bd6 48.Qxf6 {#R} 0-1

[Event "7th HD Bank Cup 2017"]
[Site "Ho Chi Minh City VIE"]
[Date "2017.03.12"]
[Round "1.31"]
[White "Xu,Yi"]
[Black "Nguyen Van Thanh"]
[Result "1-0"]
[WhiteElo "2444"]
[BlackElo "2238"]

1.e4 c5 2.Nf3 g6 3.c4 Bg7 4.d4 cxd4 5.Nxd4 Nc6 6.Be3 Nf6 7.Nc3 O-O 8.Be2 d6
9.O-O Nxd4 10.Bxd4 Bd7 11.Qd2 Bc6 12.f3 a5 13.Rac1 Nd7 14.Rfd1 Bxd4+ 15.Qxd4
Qb6 16.Qxb6 Nxb6 17.b3 Nd7 18.a3 b6 19.Nd5 Rae8 20.g3 f5 21.exf5 gxf5 22.f4 e5
23.b4 Kh8 24.Kf1 Re6 25.Kg1 Rh6 26.Rf1 Re6 27.Bf3 Rc8 28.Bg2 Ree8 29.Rfe1 Kg7
30.Ne3 Kg6 31.Rcd1 Re6 32.g4 Rf6 33.Nxf5 Rxf5 34.gxf5+ Kxf5 35.Bh3+ Kxf4
36.Rxd6 axb4 37.axb4 Rg8+ 38.Kf2 Rg6 39.Rxg6 hxg6 40.b5 {#r} 1-0

[Event "7th HD Bank Cup 2017"]
[Site "Ho Chi Minh City VIE"]
[Date "2017.03.12"]
[Round "1.32"]
[White "Vo Thi Kim Phung"]
[Black "Liu,Xiangyi"]
[Result "1-0"]
[WhiteElo "2220"]
[BlackElo "2443"]

1.d4 Nf6 2.Nf3 g6 3.g3 Bg7 4.Bg2 O-O 5.O-O d5 6.a4 Nbd7 7.a5 c5 8.c3 Ne4 9.Ng5
cxd4 10.Nxe4 dxe4 11.cxd4 f5 12.Nc3 Nb8 13.Qb3+ Kh8 14.d5 Na6 15.Rd1 Qe8 16.f3
exf3 17.Bxf3 Nc5 18.Qb4 Na6 19.Qb3 Nc5 20.Qa3 Nd7 21.Nb5 Qd8 22.d6 e5 23.Nc7
e4 24.Nxa8 exf3 25.exf3 Ne5 26.Nc7 Bd7 27.f4 Ng4 28.Qb3 Bc6 29.h3 Nf6 30.Be3
Qd7 31.Ne6 Qf7 32.Ra3 Nd5 33.Nxf8 Bxf8 34.Bd4+ Kg8 35.Be5 g5 36.Qc4 gxf4
37.gxf4 Qe6 38.Rg3+ Kf7 39.a6 Bxd6 40.Bxd6 Qxd6 41.axb7 Bxb7 42.Qd4 Qh6 43.Qe5
Qb6+ 44.Qd4 Qh6 45.Rc1 Bc6 46.Qxa7+ Ne7 47.Qd4 Qe6 48.Kf2 Ng6 49.Re3 Be4
50.Qc4 Nxf4 51.Qxe6+ Kxe6 52.b4 Nd3+ 53.Rxd3 Bxd3 54.Ke3 Bb5 55.Kf4 Bd7 56.Rd1
Bc6 57.h4 h6 58.Rc1 Bd7 59.Re1+ Kf6 60.Re5 {#r} 1-0

[Event "7th HD Bank Cup 2017"]
[Site "Ho Chi Minh City VIE"]
[Date "2017.03.12"]
[Round "1.34"]
[White "Thilakarathne,G M H"]
[Black "Shyam,N"]
[Result "0-1"]
[WhiteElo "2213"]
[BlackElo "2440"]

1.d4 Nf6 2.c4 b6 3.Nc3 Bb7 4.Qc2 d5 5.cxd5 Nxd5 6.e4 Nxc3 7.bxc3 e5 8.dxe5 Qe7
9.Nf3 Nd7 10.Bg5 f6 11.Bf4 O-O-O 12.Bc4 g5 13.Bg3 Nxe5 14.Nxe5 fxe5 15.h4 Bh6
16.h5 Kb8 17.O-O g4 18.Qe2 Bc8 19.Bd5 Bf4 20.Qc4 Rd6 21.a4 a5 22.Bxf4 exf4
23.Qd4 Re8 24.Qd2 Qe5 25.Rfb1 Rh6 26.Bf7 Rf8 27.Rb5 Qxe4 28.Re1 Qxa4 29.c4
Rxf7 {#R} 0-1

[Event "7th HD Bank Cup 2017"]
[Site "Ho Chi Minh City VIE"]
[Date "2017.03.12"]
[Round "1.36"]
[White "Le,Minh Hoang"]
[Black "Saduakassova,D"]
[Result "0-1"]
[WhiteElo "2198"]
[BlackElo "2428"]

1.e4 c5 2.Nf3 e6 3.g3 Nc6 4.Bg2 Nf6 5.Qe2 e5 6.O-O Be7 7.c3 d6 8.Na3 O-O 9.d3
Re8 10.Nc4 h6 11.a4 Bf8 12.Ne3 g6 13.Bd2 Bg7 14.Nh4 Be6 15.c4 Nd4 16.Qd1 Rb8
17.Nf3 b6 18.Nxd4 exd4 19.Nd5 Nxd5 20.exd5 Bf5 21.Qc2 Qd7 22.Rfe1 a6 23.b4
Rec8 24.b5 Ra8 25.Be4 Bg4 26.Qc1 Kh7 27.Bf4 Ra7 28.h4 Bf8 29.Qb2 Rb8 30.Bg2
Bf5 31.Bf1 Qd8 32.f3 Qf6 33.Qh2 Raa8 34.g4 Bd7 35.Bh3 axb5 36.g5 Qd8 37.Bxd7
Qxd7 38.h5 gxh5 39.Qxh5 Qf5 40.Re4 Rxa4 41.Rxa4 bxa4 42.Kf2 a3 43.Bxd6 Bxd6
44.Qxh6+ Kg8 45.g6 Qxg6 46.Rg4 Qxg4 47.fxg4 a2 48.Qg5+ Kf8 49.Qh6+ Ke7 50.Qg5+
Ke8 51.Qg8+ Bf8 52.d6 a1=Q 53.d7+ Ke7 {#R} 0-1

[Event "7th HD Bank Cup 2017"]
[Site "Ho Chi Minh City VIE"]
[Date "2017.03.12"]
[Round "1.37"]
[White "Diu,V"]
[Black "Nishant,M"]
[Result "1-0"]
[WhiteElo "2421"]
[BlackElo "2198"]

1.d4 d5 2.c4 c6 3.Nf3 Nf6 4.Nc3 dxc4 5.a4 e6 6.e4 Bb4 7.e5 Nd5 8.Bd2 b5 9.axb5
Bxc3 10.bxc3 cxb5 11.Ng5 h6 12.Qh5 O-O 13.Ne4 Bb7 14.Bg5 f6 15.Bxh6 gxh6
16.Qg6+ Kh8 17.Qxh6+ Kg8 18.Qg6+ Kh8 19.Qh6+ Kg8 20.h4 f5 21.Qg6+ Kh8 22.Qh6+
Kg8 23.f4 fxe4 24.Qg6+ Kh8 25.Qh6+ Kg8 26.Qg6+ Kh8 27.Qh6+ Kg8 28.Rh3 Nxf4
29.Rg3+ Kf7 30.Be2 Qb6 31.Qxf4+ Ke8 32.Bh5+ Kd8 33.Qxf8+ Kc7 34.Rb1 Qc6 35.d5
Qxd5 36.Rd1 Qxe5 37.Be8 Qxc3+ 38.Kf1 {#r} 1-0

[Event "7th HD Bank Cup 2017"]
[Site "Ho Chi Minh City VIE"]
[Date "2017.03.12"]
[Round "1.39"]
[White "Vo Thanh Ninh"]
[Black "Chan,Kim Yew"]
[Result "1-0"]
[WhiteElo "2414"]
[BlackElo "2176"]

1.g3 c5 2.c4 g6 3.Bg2 Bg7 4.Nc3 Nc6 5.e4 Nf6 6.Nge2 O-O 7.d3 Ne8 8.Be3 d6
9.O-O Nc7 10.d4 cxd4 11.Nxd4 Nxd4 12.Bxd4 Bxd4 13.Qxd4 e5 14.Qd2 Ne6 15.Rad1
Nd4 16.Ne2 Bg4 17.f3 Nxe2+ 18.Qxe2 Be6 19.b3 Qe7 20.Rd3 a6 21.Rfd1 Rfd8 22.Qd2
b5 23.c5 d5 24.exd5 Qxc5+ 25.Qf2 Qxf2+ 26.Kxf2 Bf5 27.Re3 f6 28.f4 exf4
29.gxf4 Kf7 30.d6 Ra7 31.Rc3 Rad7 32.Rc6 a5 33.Ra6 b4 34.Rd2 Be6 35.Bf1 f5
36.Bb5 Rb7 37.Bc6 Rbb8 38.Rxa5 Rb6 39.Ra7+ Kf6 40.Rc7 Ra6 41.h4 h6 42.Ke3 h5
43.Ke2 Rb6 44.Kd1 Ra6 45.Kc1 Rb6 46.Kb2 Ra6 47.Rd3 Rb6 48.Re3 Bg8 49.Bd7 Bf7
50.Rc6 Rbb8 51.Rc7 Rb6 52.Ra7 Bg8 53.Rd3 Bf7 54.a4 bxa3+ 55.Kxa3 Bxb3 56.Rxb3
Rxd6 57.Ba4 Rd3 58.Rxd3 Rxd3+ 59.Bb3 g5 60.hxg5+ Kg6 61.Kb2 Rd4 62.Bf7+ Kg7
63.Bxh5+ Kg8 64.Kc3 Rxf4 65.Kd3 Rh4 66.Bf3 Rb4 67.Bd5+ Kh8 68.g6 Rg4 69.Rh7#
1-0

[Event "7th HD Bank Cup 2017"]
[Site "Ho Chi Minh City VIE"]
[Date "2017.03.12"]
[Round "1.41"]
[White "Xiang,Zeyu"]
[Black "Le Huu Thai"]
[Result "0-1"]
[WhiteElo "2411"]
[BlackElo "2167"]

1.d4 Nf6 2.c4 e6 3.Nf3 b6 4.g3 Bb7 5.Bg2 Bb4+ 6.Nbd2 O-O 7.O-O Re8 8.b3 Bf8
9.Bb2 d6 10.Qc2 Nbd7 11.Rad1 Qb8 12.Rfe1 a5 13.a4 Qa7 14.e4 e5 15.Nh4 g6 16.f4
Bh6 17.Rf1 Re7 18.Kh1 exd4 19.Bxd4 Rc8 20.e5 dxe5 21.fxe5 Ng4 22.Nf5 Bxg2+
23.Kxg2 Qa8+ 24.Kh3 gxf5 25.Qxf5 Ndxe5 26.Bxe5 Nxe5 27.Ne4 Bg7 {#R} 0-1

[Event "7th HD Bank Cup 2017"]
[Site "Ho Chi Minh City VIE"]
[Date "2017.03.12"]
[Round "1.42"]
[White "Vasilyev,M"]
[Black "Cao,S"]
[Result "0-1"]
[WhiteElo "2165"]
[BlackElo "2406"]

1.e4 c5 2.Nf3 e6 3.d4 cxd4 4.Nxd4 Nc6 5.Nc3 Qc7 6.g3 a6 7.Bg2 b5 8.a3 Bb7
9.O-O Nf6 10.Nb3 d6 11.Re1 Be7 12.h3 O-O 13.f4 Rfd8 14.Qe2 Rac8 15.Kh2 Nd7
16.Nd5 exd5 17.exd5 Nce5 18.fxe5 Nxe5 19.c3 Bf6 20.Nd4 Qc4 21.Qxc4 bxc4 22.Nf5
g6 23.Nh6+ Kg7 24.Rf1 Re8 25.g4 Nd3 26.g5 Be5+ 27.Kg1 Rc7 28.Ng4 h5 29.gxh6+
Kh7 30.Nf6+ Bxf6 31.Rxf6 Re1+ 32.Rf1 Rxf1+ 33.Kxf1 Re7 34.Bd2 Re5 35.Rb1 Rf5+
36.Kg1 Bxd5 37.Bxd5 Rxd5 38.Rf1 f5 39.Bg5 Nxb2 40.Kg2 Nd3 41.Rb1 Rb5 42.Rxb5
axb5 43.Kf3 Nc5 44.Be7 Ne4 45.Bf8 Nxc3 46.Bxd6 Kxh6 47.Ke3 Kh5 48.Kd4 Ne4
49.Be7 g5 50.Bb4 c3 51.Kd3 Kh4 {#R} 0-1

[Event "7th HD Bank Cup 2017"]
[Site "Ho Chi Minh City VIE"]
[Date "2017.03.12"]
[Round "1.43"]
[White "Tran,Minh Thang"]
[Black "Rowe,D"]
[Result "1-0"]
[WhiteElo "2406"]
[BlackElo "2162"]

1.d4 Nf6 2.c4 c5 3.d5 e6 4.Nf3 exd5 5.cxd5 d6 6.Nc3 g6 7.Bf4 a6 8.a4 Nbd7 9.h3
Qe7 10.e3 Bg7 11.Be2 O-O 12.O-O Nh5 13.Bh2 f5 14.Nd2 Nhf6 15.Nc4 Ne8 16.a5 Ne5
17.Nb6 Rb8 18.Rb1 g5 19.b4 f4 20.bxc5 f3 21.gxf3 Bxh3 22.Ne4 Rd8 23.cxd6 Nxd6
24.Nxd6 Rxd6 25.Re1 Rg6 26.Nc4 g4 27.Nxe5 Bxe5 28.f4 Bc3 29.Bd3 Bxe1 30.Qxe1
Rg7 31.Bg3 h5 32.d6 Qd8 33.Bc4+ Kh7 34.Rb6 h4 35.Qb1+ Kh8 36.d7 Rf6 37.Rxf6
Qxf6 38.Qb2 Qd6 39.Bxh4 Qd1+ 40.Kh2 g3+ 41.fxg3 Bxd7 42.Bf6 Bc6 43.Bxg7+ Kh7
44.g4 Qxg4 45.Bd3+ Kg8 46.Bd4 Qh4+ 47.Kg1 Qe1+ 48.Bf1 Qg3+ 49.Bg2 Qe1+ 50.Kh2
Qh4+ 51.Bh3 Be4 52.Qe2 Kf8 53.Bc3 Bc6 54.f5 Bd5 55.Qg4 Qf2+ 56.Bg2 Qxg2+ {#r}
1-0

[Event "7th HD Bank Cup 2017"]
[Site "Ho Chi Minh City VIE"]
[Date "2017.03.12"]
[Round "1.44"]
[White "Pham Thi Thu Hien"]
[Black "Dimakiling,O"]
[Result "0-1"]
[WhiteElo "2154"]
[BlackElo "2405"]

1.e4 e5 2.Nf3 Nc6 3.c3 Nf6 4.d4 d6 5.Bd3 g6 6.h3 Bg7 7.Be3 O-O 8.O-O exd4
9.cxd4 Nb4 10.Nc3 Nxd3 11.Qxd3 Re8 12.d5 Bd7 13.Rfe1 b5 14.Bd4 b4 15.Nb1 c5
16.dxc6 Bxc6 17.Nbd2 Qd7 18.Qc4 Qb7 19.e5 Bd5 20.Qf1 dxe5 21.Rxe5 Red8 22.Re3
a5 23.Nb3 a4 24.Nc5 Qc8 25.Rc1 Bxf3 26.Ne6 fxe6 27.Rxc8 Raxc8 28.Rxf3 Rxd4
29.Qa6 Re8 30.Qxa4 Nd7 31.g3 Be5 32.a3 Rb8 33.axb4 Rbxb4 34.Qa8+ Rb8 35.Qa3
Bd6 36.Qa7 Bc5 37.Qa2 Rd6 38.b3 Ne5 39.Rc3 Bd4 40.Rc7 Rf8 41.Rc2 Nd3 42.Qa3
Rd7 43.Qa4 Rdd8 44.Qc4 Bxf2+ 45.Kh2 Rd5 46.Rd2 Ne5 {#R} 0-1

[Event "7th HD Bank Cup 2017"]
[Site "Ho Chi Minh City VIE"]
[Date "2017.03.12"]
[Round "1.45"]
[White "Vignesh,N R"]
[Black "Ivana Maria,F"]
[Result "1-0"]
[WhiteElo "2405"]
[BlackElo "2150"]

1.e4 e6 2.d4 d5 3.Nd2 Nf6 4.e5 Nfd7 5.Bd3 c5 6.c3 Nc6 7.Ngf3 cxd4 8.cxd4 Qb6
9.O-O Nxd4 10.Nxd4 Qxd4 11.Nf3 Qb6 12.a3 Be7 13.Be3 Qd8 14.Rc1 O-O 15.Rc3 f5
16.Qc2 Nxe5 17.Nxe5 d4 18.Bxf5 Rxf5 19.Bxd4 Qxd4 20.Rxc8+ Rf8 21.Rxa8 Rxa8
22.Nf3 Qb6 23.Re1 Bf6 24.b4 Rd8 25.g4 h6 26.h4 Rf8 27.Kg2 Bd8 28.Qe4 Bc7
29.Qxe6+ Qxe6 30.Rxe6 Rf4 31.g5 Kf7 32.Re3 b6 33.Rd3 Ke7 34.gxh6 gxh6 35.Rd4
b5 36.Rd5 Bb6 37.Rxb5 Rg4+ 38.Kh3 Rc4 39.Ne5 Rc3+ 40.Kg2 h5 41.a4 Rc7 42.Nd3
Rd7 43.Nc5 Rd4 44.a5 Bxc5 45.Rxc5 Rxh4 46.b5 Kd8 47.f3 Ra4 48.a6 h4 49.Rf5 Kc7
50.Kh3 Rb4 51.f4 {#r} 1-0

[Event "7th HD Bank Cup 2017"]
[Site "Ho Chi Minh City VIE"]
[Date "2017.03.12"]
[Round "1.46"]
[White "Luong Phuong Hanh"]
[Black "Wynn Zaw Htun"]
[Result "0-1"]
[WhiteElo "2148"]
[BlackElo "2405"]

1.d4 Nf6 2.Nf3 e6 3.e3 b6 4.Bd3 Bb7 5.c4 Bb4+ 6.Bd2 Qe7 7.O-O O-O 8.Nc3 d6
9.Ne4 Bxd2 10.Nfxd2 Nbd7 11.Qc2 c5 12.Rfd1 cxd4 13.exd4 Rfc8 14.Rac1 Nd5
15.Qb3 Nf4 16.Bf1 d5 17.Qg3 dxe4 18.Qxf4 e5 19.dxe5 Nxe5 20.Re1 Ng6 21.Qg4 Rc5
22.Qd1 Rd8 23.Qc2 Re5 24.Nb3 Nf4 25.Re3 f5 26.c5 Nd5 27.Bc4 bxc5 28.Rc3 h6
29.Bxd5+ Bxd5 30.Rxc5 Kh7 31.Nd4 Ba8 32.Rc7 Qg5 33.h4 Qg6 34.Qc3 f4 35.Nc6
Bxc6 36.Rxc6 Qf5 37.Re1 f3 38.gxf3 Rd3 39.Qc4 exf3 40.Rxe5 Rd1+ 41.Kh2 {#R}
0-1

[Event "7th HD Bank Cup 2017"]
[Site "Ho Chi Minh City VIE"]
[Date "2017.03.12"]
[Round "1.47"]
[White "Hoang Canh Huan"]
[Black "Phan Nguyen Mai Chi"]
[Result "1-0"]
[WhiteElo "2405"]
[BlackElo "2115"]

1.e4 c5 2.c3 e6 3.d4 b6 4.Nf3 Bb7 5.Bd3 d6 6.O-O Nf6 7.Qe2 Be7 8.Rd1 cxd4
9.cxd4 Nbd7 10.Nc3 a6 11.e5 Ng8 12.d5 Nc5 13.dxe6 fxe6 14.exd6 Bxd6 15.Be4 Qe7
16.Bxb7 Nxb7 17.Qe4 O-O-O 18.Be3 Bc7 19.Rxd8+ Bxd8 20.Qc4+ Kb8 21.Qxa6 Qb4
22.Nb5 Qa5 23.Bf4+ {#r} 1-0

[Event "7th HD Bank Cup 2017"]
[Site "Ho Chi Minh City VIE"]
[Date "2017.03.12"]
[Round "1.49"]
[White "Lin,Yi"]
[Black "Zhao,Shengxin"]
[Result "1-0"]
[WhiteElo "2403"]
[BlackElo "2094"]

1.d4 d5 2.Nf3 Nf6 3.c4 c6 4.e3 e6 5.b3 Nbd7 6.Bb2 Bd6 7.Bd3 b6 8.Nbd2 Bb7
9.O-O O-O 10.Qe2 Re8 11.Ne5 c5 12.f4 Rc8 13.Rad1 cxd4 14.exd4 Qc7 15.Rc1 Qd8
16.Bb1 h6 17.Rc3 Bb4 18.Rcf3 dxc4 19.bxc4 Bxd2 20.Qxd2 Nc5 21.Qe2 Nce4 22.Re3
Nd6 23.g4 Nxc4 24.Nxc4 Qd5 25.Ne5 Qh1+ 26.Kf2 Qxh2+ 27.Ke1 Qxe2+ 28.Rxe2 Ba6
29.g5 Bxe2 30.Kxe2 hxg5 31.fxg5 Nh5 32.Rxf7 Rf8 33.g6 Nf6 34.Kd2 Nd5 35.Bd3 b5
36.Bxb5 Nb4 37.Ba3 a5 38.Bxb4 axb4 39.Bd7 Rcd8 40.Nc6 {#r} 1-0

[Event "7th HD Bank Cup 2017"]
[Site "Ho Chi Minh City VIE"]
[Date "2017.03.12"]
[Round "1.50"]
[White "Kavinda,A"]
[Black "Schebler,G"]
[Result "1-0"]
[WhiteElo "2084"]
[BlackElo "2402"]

1.d4 g6 2.e4 d6 3.Nc3 Bg7 4.Be3 a6 5.h4 h5 6.Qd2 b5 7.f3 Nc6 8.O-O-O Nf6 9.Kb1
Rb8 10.g3 e5 11.d5 Ne7 12.Nh3 O-O 13.Ng5 Bd7 14.Ne2 Rc8 15.Nc1 c6 16.dxc6 Rxc6
17.Nb3 d5 18.Bc5 Be6 19.Qb4 Re8 20.Na5 Rc7 21.Bb6 Bc8 22.Nb3 Nc6 23.Qd2 d4
24.Na5 Qd6 25.Bxc7 Qxc7 26.Nxc6 Qxc6 27.Rc1 Bh6 28.c3 dxc3 29.Qxc3 Qb6 30.Qc6
Qxc6 31.Rxc6 Bxg5 32.hxg5 Nh7 33.Be2 Bb7 34.Rc2 {#r} 1-0

[Event "7th HD Bank Cup 2017"]
[Site "Ho Chi Minh City VIE"]
[Date "2017.03.12"]
[Round "1.51"]
[White "Ervan,Mohamad"]
[Black "Tran Le Dan Thuy"]
[Result "1-0"]
[WhiteElo "2401"]
[BlackElo "2028"]

1.e4 c5 2.Nf3 d6 3.d4 cxd4 4.Nxd4 Nf6 5.Nc3 a6 6.Be3 e6 7.f3 b5 8.g4 Qc7 9.Qd2
Nfd7 10.O-O-O Bb7 11.a3 Nc6 12.g5 Rc8 13.h4 Nde5 14.f4 Nxd4 15.Qxd4 Nc4
16.Bxc4 Qxc4 17.h5 Qxd4 18.Bxd4 h6 19.g6 f6 20.Rhe1 e5 21.Bb6 Be7 22.f5 O-O
23.Ba5 Rc4 24.b3 Rd4 25.Rxd4 exd4 26.Nd5 Re8 27.Kd2 Bf8 28.Kd3 Re5 29.Kxd4
Bxd5 30.exd5 Be7 31.Bd2 Kf8 32.Rxe5 fxe5+ 33.Kd3 Bd8 34.c4 Ke7 35.cxb5 axb5
36.a4 bxa4 37.bxa4 Bb6 38.a5 {#r} 1-0

[Event "7th HD Bank Cup 2017"]
[Site "Ho Chi Minh City VIE"]
[Date "2017.03.12"]
[Round "2.2"]
[White "Le Quang Liem"]
[Black "Vo Thanh Ninh"]
[Result "1-0"]
[WhiteElo "2712"]
[BlackElo "2414"]

1.d4 Nf6 2.c4 e6 3.Nc3 d5 4.Nf3 Be7 5.Bf4 O-O 6.e3 b6 7.Rc1 Bb7 8.cxd5 exd5
9.Be2 c6 10.Ne5 Nfd7 11.Nd3 a5 12.O-O Bg5 13.Bg3 Bh4 14.e4 Bxg3 15.hxg3 dxe4
16.Nxe4 Ra7 17.Re1 c5 18.Nd6 cxd4 19.Nf4 Nc5 20.Qxd4 Nc6 21.Qd2 Ba6 22.Bxa6
Rxa6 23.Nh5 Ra7 24.Rcd1 Rd7 25.Qc3 f6 26.Qc4+ Kh8 27.Nf7+ Rfxf7 28.Qxf7 Rxf7
29.Rxd8+ {#r} 1-0

[Event "7th HD Bank Cup 2017"]
[Site "Ho Chi Minh City VIE"]
[Date "2017.03.12"]
[Round "2.3"]
[White "Cao,S"]
[Black "Bu Xiangzhi"]
[Result "0-1"]
[WhiteElo "2406"]
[BlackElo "2711"]

1.e4 e5 2.Nf3 Nc6 3.Bb5 a6 4.Ba4 Nf6 5.d3 b5 6.Bb3 Be7 7.Nc3 O-O 8.Nd5 Na5
9.O-O Nxd5 10.Bxd5 c6 11.Bb3 d6 12.d4 exd4 13.Nxd4 Bf6 14.c3 Re8 15.Bc2 c5
16.Nf3 Bb7 17.Re1 Nc4 18.a4 b4 19.Qd3 Ne5 20.Nxe5 Bxe5 21.Bd2 bxc3 22.bxc3 g6
23.Bb3 Qd7 24.Bc4 Bc6 25.Bxa6 Bxa4 26.Bc4 Bc6 27.Bd5 Bxd5 28.Qxd5 Rxa1 29.Rxa1
Qe6 30.g3 Rb8 31.Ra8 Rxa8 32.Qxa8+ Kg7 33.Kg2 Qc4 34.Bg5 h5 35.Be7 Qe6 36.Bf8+
Kh7 37.Qd5 Qe8 38.Bxd6 Bxd6 39.Qxd6 Qxe4+ 40.Kh3 c4 41.Qf6 Kg8 42.f3 Qe2 43.g4
Qf1+ 44.Kg3 hxg4 45.Qd8+ Kh7 46.Qh4+ Kg7 47.Kxg4 Qc1 48.Qd8 Qxc3 49.Qd5 f5+
50.Kh3 Qe3 51.Qb7+ Kh6 52.Qa8 Kg5 53.Kg3 Qg1+ 54.Kh3 Qf1+ {#R} 0-1

[Event "7th HD Bank Cup 2017"]
[Site "Ho Chi Minh City VIE"]
[Date "2017.03.12"]
[Round "2.6"]
[White "Iturrizaga,E"]
[Black "Vignesh,N R"]
[Result "1-0"]
[WhiteElo "2673"]
[BlackElo "2405"]

1.Nf3 d5 2.c4 d4 3.b4 f6 4.e3 dxe3 5.fxe3 e5 6.a3 Nh6 7.Nc3 Be7 8.d4 O-O 9.Bd3
Bg4 10.Ne2 exd4 11.exd4 Bxf3 12.gxf3 f5 13.Bxh6 Bh4+ 14.Kf1 gxh6 15.Qd2 Qf6
16.Rd1 Nc6 17.Bc2 Kh8 18.f4 Qg6 19.d5 Ne7 20.Qc3+ Bf6 21.Qh3 h5 22.Rg1 Qh6
23.c5 c6 24.d6 Nd5 25.Bb3 Bg7 26.Bxd5 cxd5 27.Rxd5 Qf6 28.Qd3 Rad8 29.Rg5 Qa1+
30.Kf2 Rfe8 31.Rdxf5 Re6 32.d7 Qh1 33.Rxh5 Rxd7 34.Rd5 h6 35.Rxd7 {#r} 1-0